Význam dizajnu pri spotrebiteľskom rozhodovaní vo vybranej produktovej kategórii bakalárska práca

Uložené v:
Podrobná bibliografia
Hlavný autor: Kmeťková, Nicole
Korporativný autor: Obchodná fakulta EU. Katedra tovaroznalectva a kvality tovaru
Ďalší autori: Garasová, Petra, 1993-
Médium: Kniha
Jazyk:Slovak
Vydavateľské údaje: Bratislava 2020
Tagy: Pridať tag
Žiadne tagy, Buďte prvý, kto otaguje tento záznam!

MARC

LEADER 00000nbm a2200000 4500
001 0266473
005 20201009092040.6
041 0 |a slo 
044 |a SK 
245 1 0 |a Význam dizajnu pri spotrebiteľskom rozhodovaní vo vybranej produktovej kategórii  |b bakalárska práca  |c Nicole Kmeťková ; školiteľ: Petra Garasová 
264 1 |a Bratislava  |c 2020 
300 |a 51 s. 
100 1 |a Kmeťková, Nicole 
700 1 |a Garasová, Petra, 1993- 
710 2 |a Obchodná fakulta EU. Katedra tovaroznalectva a kvality tovaru